| 000 | 00362nam a2200133Ia 4500 | ||
|---|---|---|---|
| 008 | 240624s9999 xx 000 0 und d | ||
| 041 | _aeng | ||
| 082 | _a338.8 KUM | ||
| 100 | _aKUMAR NIRMALYA | ||
| 245 | _aINDIA S GLOBAL POWER HOUSES HOW THEY ARE | ||
| 260 |
_c2009 _aBoston _bHarvard Business Press |
||
| 300 | _axiii, : 250 : p. : cm. ; 24 | ||
| 365 |
_cRS _b20 |
||
| 999 |
_c16095 _d16095 |
||